| 000 | 00845cam a22002774a 4500 | ||
|---|---|---|---|
| 008 | |||
| 020 | _a007337993X (hbk.) | ||
| 049 | _aMAIN | ||
| 090 |
_aHV9950 _bBOH |
||
| 100 | 1 | _aBohm, Robert M. | |
| 245 | 1 | 0 |
_aIntroduction to criminal justice / _cRobert M. Bohm and Keith N. Haley. |
| 250 | _a5th ed. | ||
| 260 |
_aBoston : _bMcGraw-Hill, _cc2008. |
||
| 300 |
_axxi, 543 p. : _bill. ; _c29 cm. |
||
| 500 | _aIncludes index. | ||
| 504 | _aIncudes bibliographical references. | ||
| 650 | 0 |
_aCriminal justice, Administration of _zUnited States. |
|
| 650 | 0 |
_aCrime _zUnited States. |
|
| 650 | 0 |
_aCriminal law _zUnited States. |
|
| 700 | 1 | _aHaley, Keith N. | |
| 907 |
_a.b10293449 _b07-12-11 _c16-03-11 |
||
| 003 | |||
| 005 | 20230123125321.0 | ||
| 040 | _cNUST | ||
| 942 |
_cBOOKS _kHV9950 _mBOH |
||
| 999 |
_c139454 _d139454 |
||